[Event "Lausanne op"]
[Site "Lausanne"]
[Date "2007.09.16"]
[Round "5"]
[White "Ahumada, Norberto"]
[Black "Vianin, Pascal"]
[Result "1/2-1/2"]
[WhiteElo "1965"]
[BlackElo "2186"]
[PlyCount "182"]
[EventDate "2007.09.14"]
[EventType "swiss"]
[EventRounds "7"]
[EventCountry "SUI"]
[SourceTitle "CBM 120 Extra"]
[Source "ChessBase"]
[SourceDate "2007.11.01"]
[SourceVersion "1"]
[SourceVersionDate "2007.11.01"]
[SourceQuality "1"]

1. d4 Nf6 2. c4 Nc6 3. Nf3 e6 4. Nc3 Bb4 5. Qc2 0-0 6. Bg5 h6 7. Bh4 g5 8. Bg3 g4 9. Ne5 Nxd4 10. Qd2 Nf5 11. Qf4 d6 12. Nxg4 Nxg4 13. Qxg4+ Qg5 14. Qxg5+ hxg5 15. Rc1 Kg7 16. e4 Nd4 17. Bd3 e5 18. 0-0 Bxc3 19. Rxc3 c5 20. f3 Be6 21. Bf2 Rfc8 22. Bxd4 cxd4 23. Rc2 Rc7 24. Rfc1 Rac8 25. b3 Kf6 26. Kf2 Ke7 27. Ke2 b6 28. Kd2 Rh8 29. h3 Kf6 30. Rh1 Kg6 31. Ke2 a6 32. Kf2 b5 33. Rhc1 bxc4 34. Bxc4 Rhc8 35. Bd3 Rxc2+ 36. Rxc2 Rxc2+ 37. Bxc2 Kf6 38. Bd3 a5 39. Ke2 d5 40. Kd2 Ke7 41. Kc2 dxe4 42. fxe4 f6 43. a3 Kd6 44. b4 axb4 45. axb4 Kc6 46. Kb2 Kb6 47. Ka3 Bd7 48. Kb3 Be6+ 49. Ka3 Bd7 50. Kb3 Be6+ 51. Ka3 g4 52. h4 g3 53. h5 Bg8 54. h6 Kc7 55. b5 Bh7 56. Kb4 Kb6 57. Bc2 Bg6 58. Bd3 Bh7 59. Bc4 Bxe4 60. Bg8 d3 61. Kc3 Kxb5 62. h7 Bxh7 63. Bxh7 d2 64. Kxd2 Kc4 65. Ke3 Kd5 66. Bg8+ Kd6 67. Ke4 Ke7 68. Bc4 Kd6 69. Ba2 Kc5 70. Bb1 Kc4 71. Bc2 Kc5 72. Bd3 Kb4 73. Kf5 Kc3 74. Be4 Kd4 75. Bb7 Ke3 76. Kxf6 Kf4 77. Bc6 e4 78. Bxe4 Kxe4 79. Kg5 Ke5 80. Kg4 Kf6 81. Kxg3 Kg5 82. Kf3 Kf5 83. g3 Kg5 84. g4 Kg6 85. Kf4 Kf6 86. g5+ Kg6 87. Kg4 Kg7 88. Kf5 Kf7 89. g6+ Kg7 90. Kg5 Kg8 91. Kf6 Kf8 1/2-1/2